Online
Catalog

El cheque : (Record no. 4622)

MARC details
000 -CABECERA
campo de control de longitud fija 00795nam a2200229 u 4500
001 - NÚMERO DE CONTROL
campo de control 000004816
003 - IDENTIFICADOR DEL NÚMERO DE CONTROL
campo de control OSt
005 - FECHA Y HORA DE LA ÚLTIMA TRANSACCIÓN
campo de control 20201009135909.0
008 - DATOS DE LONGITUD FIJA--INFORMACIÓN GENERAL
campo de control de longitud fija 090727s1995 dr r 000 0 spa d
040 ## - FUENTE DE LA CATALOGACIÓN
Centro catalogador/agencia de origen DO-SdBNP
Lengua de catalogación spa
Centro/agencia transcriptor BNPHU
082 ## - NÚMERO DE LA CLASIFICACIÓN DECIMAL DEWEY
Número de clasificación xxxx
Número de documento/Ítem R883ch
100 1# - ENTRADA PRINCIPAL--NOMBRE DE PERSONA
Nombre de persona Rowland Cruz, James A.,
9 (RLIN) 13980
Fechas asociadas al nombre 1952-
245 13 - MENCIÓN DE TÍTULO
Título El cheque :
Resto del título estudio legal, jurisprudencial y dotrinal en la República Dominicana /
Mención de responsabilidad, etc. James A. Rowland.
260 ## - PUBLICACIÓN, DISTRIBUCIÓN, ETC.
Lugar de publicación, distribución, etc. Santo Domingo :
Nombre del editor, distribuidor, etc. Corripio,
Fecha de publicación, distribución, etc. 1995.
300 ## - DESCRIPCIÓN FÍSICA
Extensión 204 p. ;
Dimensiones 23 cm.
500 ## - NOTA GENERAL
Nota general Incluye índice
500 ## - NOTA GENERAL
Nota general Incluye referencias bibliográficas y notas al pie de las páginas<br/><br/>
500 ## - NOTA GENERAL
Nota general Incluye datos biográficos del autor en la solapa de la contracubierta.
504 ## - NOTA DE BIBLIOGRAFÍA, ETC.
Nota de bibliografía, etc. Bibliografía : p. 203-204
942 ## - ELEMENTOS DE PUNTO DE ACCESO ADICIONAL (KOHA)
Fuente del sistema de clasificación o colocación Dewey Decimal Classification
Tipo de ítem Koha Libros y folletos
956 ## - LOCALIZACIÓN Y ACCESO ELECTRÓNICOS LOCAL (OCLC)
Nombre del host LOPEREZ
Holdings
Estado de retiro Estado de pérdida Fuente del sistema de clasificación o colocación No para préstamo Código de colección Localización permanente Ubicación/localización actual Ubicación en estantería Fecha de adquisición Fuente de adquisición Número de inventario Total de préstamos Signatura topográfica completa Código de barras Fecha visto por última vez Precio válido a partir de Tipo de ítem Koha Nota pública Número de copia
    Dewey Decimal Classification Préstamo interno Patrimonio Dominicano Patrimonio Dominicano Patrimonio Dominicano En catalogación 27.07.2009 Flia. Reyes Duluc LF1   xxxx R883ch 4816-10 25.06.2020 25.06.2020 Libro y Folleto Colección Patrimonio Dominicano Perteneció a la biblioteca personal de la familia Reyes Duluc.  
    Dewey Decimal Classification Préstamo interno Patrimonio Dominicano Patrimonio Dominicano Patrimonio Dominicano En catalogación 12.08.2019   LF1   xxxx R883ch 4816-20 25.06.2020 25.06.2020 Libro y Folleto Colección Patrimonio Dominicano   e. 2

Powered by Koha